01269nam a2200277 a 450000100060000000300080000600500170001400800410003103500130007203500360008504000580012104100080017908200190018710000310020624501010023726000540033830000350039250002140042750000770064150000820071850000530080065000440085365000370089770000430093474000140097732748BD-RjUL20211209051905.0160720r19671909enkh 000 0 eng d a10-01345 a(OCoLC)6189144a(BD-RjUL) 32838 aNewberry library JC153.HcTMNdTMNdm.cdBD-RjULbeng aeng a320bHOH 19671 aHobbes, Thomasd1588-1679.10aHobbes's Leviathan :breprinted from the edition of 1651 /cwith an essay by W. G. Pogson Smith. aOxford :bClarendon Press,c1909[Reprinted 1967]. axxxi, 557 p. :bill. ;c20 cm. aReprint of the original edition with reproduction of t.-p.: Leviathan, or The matter, forme, & power of a common-wealth ecclesiasticall and civill. By Thomas Hobbes ... London, Printed for Andrew Crooke, 1651. aAlso includes a facsimile of the engraved t.-p. of the original edition. a"The philosophy of Hobbes, an essay. [By W. G. Pogson Smith]": p. [vii]-xxxi. aIntroduction includes bibliographical footnotes. 0aPolitical sciencevEarly works to 1800. 0aState, ThevEarly works to 1800.1 aPogson Smith, W. G.q(William George).0 aLeviathan